00398nam a2200133 a 4500008004100000020001500041050001900056100002600075245002200101246006900123260004200192300002100234350000900255120416s1991 ||||||||||||||||| || u a0969530706 aDT 8753.H3 Ham aHamalengwa, Munyonzwe10aThoughts are free aprison experience and reflections on law and politics in general aTorontobAfrica in Canada Pressc1991 aix, 390p. : ill. a0.00